000 00611nam a2200193 i 4500
001 73636
003 ES-MaACL
005 20231207063015.0
007 t|
008 040909s1964 sp ||||1| spa d
100 1 _aGómez de la Serna, Gaspar,
_d1918-1974
_957897
245 1 0 _aCastilla la Nueva /
_cGaspar Gómez de la Serna ; fotografías de F. Catalá Roca.
250 _a[1ª ed.].
260 _aBarcelona :
_bDestino,
_c[1964]
300 _a596 p., 34 lám. :
_bil. ;
_c22 cm.
700 1 _aCatalà-Roca, Francesc.
_937014
852 _aES-MaACL
_jC-25897
_bR.54475
999 _c73636
_d73636